| 000 | 013550000a22003370004500 | ||
|---|---|---|---|
| 003 | EG-GICUC | ||
| 005 | 20250223033019.0 | ||
| 008 | 070428s2002 ua f m 000 0 eng d | ||
| 040 |
_aEG-GICUC _beng _cEG-GICUC |
||
| 041 | 0 | _aEng | |
| 049 | _aDeposite | ||
| 097 | _aM.Sc | ||
| 099 | _aCai01.11.18.M.Sc.2002.Na.E | ||
| 100 | 0 | _aNancy Nasr Zikri | |
| 245 | 1 | 0 |
_aEvaluation of the changes in the level of serum leptin , insulin , magnesium and blood sugar in normotensive and hypertensive obese / _cNancy Nasr Zikri ; Supervised Omar Elsaadany , Mohamed Eissa , Yasser Nassr |
| 246 | 1 | 5 | _aدراسة التغيرات فى مستوى مصل الليبتين : الانسولين : الماغنسيوم وسكر الدم فى ذوى ضغط الدم الطبيعى والمرتفع من البناء |
| 260 |
_aCairo : _bNancy Nasr Zikri , _c2002 |
||
| 300 |
_a116P ; _c25cm |
||
| 502 | _aThesis (M.Sc.) - Cairo University - Faculty Of Medicine - Department Of Internal Medicine | ||
| 530 | _aIssued also as CD | ||
| 653 | 4 | _aInsulin | |
| 653 | 4 | _aLeptin | |
| 653 | 4 | _aObesity | |
| 700 | 0 |
_aMohamed Eissa , _eSupervisor |
|
| 700 | 0 |
_aOmar Elsaadany , _eSupervisor |
|
| 700 | 0 |
_aYasser Nassr , _eSupervisor |
|
| 856 | _uhttp://172.23.153.220/th.pdf | ||
| 905 |
_aMustafa _eRevisor |
||
| 905 |
_aSamia _eCataloger |
||
| 942 |
_2ddc _cTH |
||
| 999 |
_c86171 _d86171 |
||